| 000 | 01292nam a2200229Ia 4500 | ||
|---|---|---|---|
| 003 | Ost | ||
| 005 | 20260507075555.0 | ||
| 008 | 260507s9999||||xx |||||||||||||| ||und|| | ||
| 020 | _a9957160451 | ||
| 040 | _cfsecg | ||
| 041 | _aara | ||
| 082 | _a330 | ||
| 100 |
_aجبرين، علي هادي _eمؤلف |
||
| 245 | 0 |
_aادارة العمليات / _c علي هادي جبرين |
|
| 260 |
_aعمان: _bدار الثقافة للنشر و التوزيع, _c2006 |
||
| 300 |
_a375 صفحة؛ _bإيضاحات ؛ _c24 سم |
||
| 520 | _aادارة العمليات فكرا و مفهوما وكذا استراتيجية العمليات و ادارة العمليات الخدمية و ادارة النوعية الكلية اضافة الى تصميم و اختيار المنتوج و تصميم و اختيار التشغيل و التنبؤ بالطلب في ادارة العمليات و كذا قرارات الطاقة العملياتية و التخطيط الشامل للعمليات و جدولة الانتاج, كذلك ادارة العمليات المخزنة, و اخيرا ادارة العمليات المعرفية. | ||
| 653 | _aادارة الانتاج | ||
| 653 | _aادارة العمليات | ||
| 653 | _aبحوث العمليات | ||
| 942 | _cكتاب | ||
| 999 |
_c44955 _d44955 |
||